| 000 | 00548cam a2200229ua 4500 | ||
|---|---|---|---|
| 020 | _c55.00 | ||
| 041 |
_aeng _h |
||
| 082 |
_a624.18341 _bMAL/RE |
||
| 100 | _aMallick, S.K . | ||
| 245 |
_aReinforced concrete / _cS.K.Mallick. _hTextual Documents |
||
| 250 |
_a5 / _b. |
||
| 260 |
_a : _bOxford & IBH Publishing company , _c1989. |
||
| 300 | _a577 ; . | ||
| 365 | _a55.00 | ||
| 504 | _a | ||
| 700 | 1 | _aGupta, A.P . | |
| 942 | _cBK | ||
| 999 |
_c2541 _d2541 |
||